{"text_format":"3","workbook":"xlsx","n_sheets":3,"sheets":["Sheet1","Sheet2","Sheet3"],"not_rendered":{"defined_names":1},"read":"whole","date_system":"1900"}

{"sheet":"Sheet1","index":0,"n_rows":779,"n_cols":9,"rows_kept":779,"merged":[[0,0,0,8],[1,0,1,8],[2,0,2,8],[4,0,4,8],[5,0,5,8],[6,0,6,8],[767,0,767,5],[769,7,769,8],[771,0,771,2],[771,7,771,8],[772,0,772,2],[772,7,772,8],[777,0,777,2],[777,7,777,8],[778,0,778,2],[778,7,778,8],[785,7,785,9],[786,7,786,9]]}
["SKPD          : DINAS PERUMAHAN PERMUKIMAN DAN PERTANAHAN"]
["KAB/KOTA : KABUPATEN BULELENG"]
["PROVINSI : BALI"]
[]
["LAPORAN PERSEDIAAN PAKAI HABIS "]
["BULAN JANUARI S/D JUNI 2019"]
["SEMESTER SATU (1)"]
[]
["No","TANGGAL","NAMA BARANG","SATUAN","VOLUME","HARGA SATUAN","TOTAL","NO BUKTI","PPTK"]
[]
[1,"2019-01-03","Snack Kotak Rapat","kotak",20,{"v":16000,"d":"16,000"},{"v":320000,"d":"320,000.00"},"027/01.03.02/PPBJ/2019"]
[null,null,"Nasi Kotak Rapat","kotak",20,{"v":40000,"d":"40,000"},{"v":800000,"d":"800,000.00"},"020/04.01.03/15.013/PPTK/2019","Kasi Perumahan"]
[]
[2,"2019-01-06","Banten Tilem","Kali",1,{"v":2493700,"d":"2,493,700"},{"v":2493700,"d":"2,493,700.00"},"027/01.04.02/PPBJ/2019"]
[{"$nulls":7},"020/01.02.012/PPTK/2019","Kasubag Perencanaan (umum dan keuangan)"]
[]
[3,"2019-01-07","Snack Kotak Rapat","kotak",17,{"v":16000,"d":"16,000"},{"v":272000,"d":"272,000.00"},"027/01.07.01/PPBJ/2019"]
[null,null,"Nasi Kotak Rapat","kotak",17,{"v":40000,"d":"40,000"},{"v":680000,"d":"680,000.00"},"020/01.06.001/PPTK/2019","Kasubag Perencanaan "]
[]
[4,"2019-01-08","Banten Penganyar","Kali",1,{"v":346500,"d":"346,500"},{"v":346500,"d":"346,500.00"},"027/01.04.01/PPBJ/2019"]
[{"$nulls":7},"020/02.02.012/PPTK/2019","Kasubag Perencanaan (umum dan keuangan)"]
[]
[5,"2019-01-10","Banten Penganyar","Kali",1,{"v":346500,"d":"346,500"},{"v":346500,"d":"346,500.00"},"027/01.08.01/PPBJ/2019"]
[{"$nulls":7},"020/03.02.012/PPTK/2019","Kasubag Perencanaan (umum dan keuangan)"]
[]
[6,"2019-01-11","Snack Kotak Rapat","kotak",10,{"v":16000,"d":"16,000"},{"v":160000,"d":"160,000.00"},"027/01.10.02/PPBJ/2019"]
[null,null,"Nasi Kotak Rapat","kotak",10,{"v":40000,"d":"40,000"},{"v":400000,"d":"400,000.00"},"020/001/PPTK/2019","Kabid RTH"]
[]
[7,"2019-01-16","Snack Kotak Rapat","kotak",10,{"v":16000,"d":"16,000"},{"v":160000,"d":"160,000.00"},"027/01.15.01/PPBJ/2019"]
[{"$nulls":7},"020/002/PPTK/2019","Kasi Pemeliharaan RTH"]
[]
[8,"2019-01-18","Bahan Kelengkapan Upacara Piodalan Taman Bung Karno","Kali",1,{"v":1446500,"d":"1,446,500"},{"v":1446500,"d":"1,446,500.00"},"027/01.16.02/PPBJ/2019"]
[{"$nulls":7},"020/16.02.012/PPTK/2019","Kasubag Perencanaan (umum dan keuangan)"]
[]
[9,"2019-01-20","Banten Piodalan Taman Bung Karno","Kali",1,{"v":19953450,"d":"19,953,450"},{"v":19953450,"d":"19,953,450.00"},"027/01.16.01/PPBJ/2019"]
[{"$nulls":7},"020/05.02.012/PPTK/2019","Kasubag Perencanaan (umum dan keuangan)"]
[]
[10,"2019-01-20","Banten Purnama","Kali",1,{"v":2048750,"d":"2,048,750"},{"v":2048750,"d":"2,048,750.00"},"027/01.18.01/PPBJ/2019"]
[{"$nulls":7},"020/04.02.012/PPTK/2019","Kasubag Perencanaan (umum dan keuangan)"]
[]
[11,"2019-01-21","Snack Kotak Rapat","kotak",22,{"v":16000,"d":"16,000"},{"v":352000,"d":"352,000.00"},"027/01.21.01/PPBJ/2019"]
[null,null,"Nasi Kotak Rapat","kotak",22,{"v":40000,"d":"40,000"},{"v":880000,"d":"880,000.00"},"020/02.01.017/PPTK/2019","Kasubag Perencanaan (umum dan keuangan)"]
[]
[12,"2019-01-21","Snack Kotak Rapat","kotak",20,{"v":16000,"d":"16,000"},{"v":320000,"d":"320,000.00"},"027/01.21.03/PBBJ/2019"]
[{"$nulls":7},"020/003/PPTK/2019","Kasi Penataan RTH"]
[]
[13,"2019-01-23","Cetak Blanko SPM NCR Warna","buku",4,{"v":95700,"d":"95,700"},{"v":382800,"d":"382,800.00"},"027/01.21.02/PPBJ/2019"]
[null,null,"Cetak Blanko Cek List","Rim",2,{"v":47850,"d":"47,850"},{"v":95700,"d":"95,700.00"},"020/01.01.007/PPTK/2019","Kasubag Perencanaan (umum dan keuangan)"]
[]
[14,"2019-01-23","Konsentrat Chirpy","Bungkus",20,{"v":9900,"d":"9,900"},{"v":198000,"d":"198,000.00"},"027/01.22.01/PPBJ/2019"]
[null,null,"Pepaya","Kg",10,{"v":4400,"d":"4,400"},{"v":44000,"d":"44,000.00"},"020/10/22.02/PPTK/PPTK/201","Kasi Pemeliharaan RTH"]
[null,null,"Jangkrik","Kg",2,{"v":55000,"d":"55,000"},{"v":110000,"d":"110,000.00"}]
[null,null,"PISANG","Buah",200,{"v":1100,"d":"1,100"},{"v":220000,"d":"220,000.00"}]
[]
[15,"2019-01-28","Materai 6000","Lembar",80,{"v":6000,"d":"6,000"},{"v":480000,"d":"480,000.00"},"027.01.28.02/I/PPBJ/2019"]
[null,null,"Materai 3000","Lembar",40,{"v":3000,"d":"3,000"},{"v":120000,"d":"120,000.00"},"020/02/22.02/PPTK/2019","Kasi Pemeliharaan RTH"]
[]
[16,"2019-01-28","Materai 6000","Lembar",22,{"v":6000,"d":"6,000"},{"v":132000,"d":"132,000.00"},"027/01.28.01/PPBJ/2019"]
[null,null,"Materai 3000","Lembar",22,{"v":3000,"d":"3,000"},{"v":66000,"d":"66,000.00"},"020/01.01.28/28.006/PPTK/2019","Kasi Perencanaan Perumahan"]
[]
[17,"2019-01-28","Snack Kotak Rapat","kotak",27,{"v":16000,"d":"16,000"},{"v":432000,"d":"432,000.00"},"027/01.28.03/PPBJ/2019"]
[null,null,"Nasi Kotak Rapat","kotak",27,{"v":40000,"d":"40,000"},{"v":1080000,"d":"1,080,000.00"},"020/03.01.017/PPTK/2019","Kasubag Perencanaan (umum dan keuangan)"]
[]
[18,"2019-01-28","Lembar Disposisi","Buku",7,{"v":44000,"d":"44,000"},{"v":308000,"d":"308,000.00"},"027/01.25.01/PPBJ/2019"]
[{"$nulls":7},"020/01.01.011/PPTK/2019","Kasubag Perencanaan (umum dan keuangan)"]
[]
[19,"2019-01-28","Snack Kotak Rapat","kotak",28,{"v":16000,"d":"16,000"},{"v":448000,"d":"448,000.00"},"027/01.25.02/PPBJ/2019"]
[null,null,"Nasi Kotak Rapat","kotak",28,{"v":40000,"d":"40,000"},{"v":1120000,"d":"1,120,000.00"},"020/04/22.002/PPTK/2019","Kasi Pemeliharaan RTH"]
[]
[20,"2019-01-30","Materai 6000","Lembar",40,{"v":6000,"d":"6,000"},{"v":240000,"d":"240,000.00"},"027/01.30.01/PPBJ/2019"]
[null,null,"Materai 3000","Lembar",20,{"v":3000,"d":"3,000"},{"v":60000,"d":"60,000.00"},"020/01.01.001/PPTK/2019","Kasubag Perencanaan (umum dan keuangan)"]
[]
[21,"2019-01-30","Aqua Botol Besar","Dus",3,{"v":72600,"d":"72,600"},{"v":217800,"d":"217,800.00"},"027/01.30.02/PPBJ/2019\n"]
[null,null,"Air Mineral Kemasan Gelas","Dus",4,{"v":29700,"d":"29,700"},{"v":118800,"d":"118,800.00"},"020/01.01.07/PPTK/2019\n","Kasubag Perencanaan (umum dan keuangan)"]
[null,null,"Gula Pasir","Kg",2,{"v":16500,"d":"16,500"},{"v":33000,"d":"33,000.00"}]
[null,null,"Kopi Bubuk","Kg",2,{"v":69850,"d":"69,850"},{"v":139700,"d":"139,700.00"}]
[null,null,"Teh Celup sosro","Kotak",2,{"v":17050,"d":"17,050"},{"v":34100,"d":"34,100.00"}]
[null,null,"Permen Kopiko","Bungkus",2,{"v":9900,"d":"9,900"},{"v":19800,"d":"19,800.00"}]
[null,null,"Aqua Galon ","Galon",5,{"v":24200,"d":"24,200"},{"v":121000,"d":"121,000.00"}]
[null,null,"Kacang Kapri 500 gr","Bungkus",1,{"v":60500,"d":"60,500"},{"v":60500,"d":"60,500.00"}]
[null,null,"Air Mineral Kemasan Tanggung","Dus",2,{"v":89760,"d":"89,760"},{"v":179520,"d":"179,520.00"}]
[null,null,"Minuman Energi","Botol",1,{"v":58300,"d":"58,300"},{"v":58300,"d":"58,300.00"}]
[]
[22,"2019-01-31","Materai 6000","Lembar",42,{"v":6000,"d":"6,000"},{"v":252000,"d":"252,000.00"},"027/01.31.01/PPBJ/2019"]
[null,null,"Materai 3000","Lembar",16,{"v":3000,"d":"3,000"},{"v":48000,"d":"48,000.00"},"020/001.2/22.003/PPTK/2019","Kasi Pemeliharaan Sarana dan Prasarana RTH"]
[]
[23,"2019-01-31","Materai 6000","Lembar",22,{"v":6000,"d":"6,000"},{"v":132000,"d":"132,000.00"},"027/01.31.02/PPBJ/2019"]
[null,null,"Materai 3000","Lembar",22,{"v":3000,"d":"3,000"},{"v":66000,"d":"66,000.00"},"020/01.01.31/21.007/PPTK/2019","Kasi Perencanaan Perumahan"]
[]
[24,"2019-01-31","Banten Sehari-hari","Kali",1,{"v":797500,"d":"797,500"},{"v":797500,"d":"797,500.00"},"027/01.31.04/PPBJ/2019"]
[{"$nulls":7},"020/06.02.012/PPTK/2019","Kasubag Perencanaan (umum dan keuangan)"]
[]
[25,"2019-01-31","Banten Sehari-hari","Kali",1,{"v":535920,"d":"535,920"},{"v":535920,"d":"535,920.00"},"027/01.31.05/PPBJ/2019"]
[{"$nulls":7},"020/07.02.012/PPTK/2019","Kasubag Perencanaan (umum dan keuangan)"]
[]
[26,"2019-01-31","Bali Post","Eksemplar",1,{"v":95000,"d":"95,000"},{"v":95000,"d":"95,000.00"},"027/01.31.06/PPBJ/2019"]
[null,null,"Jawa post","Eksemplar",1,{"v":140000,"d":"140,000"},{"v":140000,"d":"140,000.00"},"020/01.01.015/PPTK/2019","Kasubag Perencanaan (umum dan keuangan)"]
[null,null,"Nusa Bali","Eksemplar",2,{"v":95000,"d":"95,000"},{"v":190000,"d":"190,000.00"}]
[null,null,"Bali tribun","Eksemplar",1,{"v":75000,"d":"75,000"},{"v":75000,"d":"75,000.00"}]
[]
[]
[27,"2019-01-31","Banten Penganyar","Kali",1,{"v":346500,"d":"346,500"},{"v":346500,"d":"346,500.00"},"027/01.29.01/PPBJ/2019"]
[{"$nulls":7},"020/08.02.012/PPTK/2019","Kasubag Perencanaan (umum dan keuangan)"]
[]
[28,"2019-01-31","Snack Kotak Rapat","kotak",23,{"v":16000,"d":"16,000"},{"v":368000,"d":"368,000.00"},"027/01.31.08/PPBJ/2019"]
[null,null,"Nasi Kotak Rapat","kotak",23,{"v":40000,"d":"40,000"},{"v":920000,"d":"920,000.00"},"020/14.1.31/21.006/PPTK/2019","Kasi Perencanaan Perumahan"]
[]
[29,"2019-02-01","Banten Penganyar","Kali",2,{"v":346500,"d":"346,500"},{"v":693000,"d":"693,000.00"},"027/01.31.07/PPBJ/2019"]
[{"$nulls":7},"020/10.02.012/PPTK/2019","Kasubag Perencanaan (umum dan keuangan)"]
[]
[29,"2019-02-01","Snack Kotak Rapat","kotak",30,{"v":16000,"d":"16,000"},{"v":480000,"d":"480,000.00"},"027/02.01.03/PPBJ/2019"]
[null,null,"Nasi Kotak Rapat","kotak",30,{"v":40000,"d":"40,000"},{"v":1200000,"d":"1,200,000.00"},"020/10.2.19/16.004/PPTK/2019","Kasi Permukiman"]
[]
[30,"2019-02-04","Snack Kotak Rapat","kotak",43,{"v":16000,"d":"16,000"},{"v":688000,"d":"688,000.00"},"027/02.01.02/PPBJ/2019"]
[null,null,"Nasi Kotak Rapat","kotak",43,{"v":40000,"d":"40,000"},{"v":1720000,"d":"1,720,000.00"},"020/04.01.017/PPTK/2019","Kasubag Perencanaan (umum dan keuangan)"]
[]
[31,"2019-02-04","Banten Tilem","Kali",1,{"v":2493700,"d":"2,493,700"},{"v":2493700,"d":"2,493,700.00"},"027.02.01.01/PPBJ/2019"]
[{"$nulls":7},"020/09.02.012/PPTK/2019","Kasubag Perencanaan (umum dan keuangan)"]
[]
[32,"2019-02-04","Snack Kotak Rapat","kotak",15,{"v":16000,"d":"16,000"},{"v":240000,"d":"240,000.00"},"027/02.04.03/PPBJ/2019"]
[{"$nulls":7},"020/005/PPTK/2019","Kasi Penataan RTH"]
[]
[33,"2019-02-06","Snack Kotak Rapat","kotak",30,{"v":16000,"d":"16,000"},{"v":480000,"d":"480,000.00"},"027/02.04.01/PPBJ/2019"]
[null,null,"Nasi Kotak Rapat","kotak",30,{"v":40000,"d":"40,000"},{"v":1200000,"d":"1,200,000.00"},"020/05.01.017/PPTK/2019","Kasubag Perencanaan (umum dan keuangan)"]
[]
[34,"2019-02-07","Cetak Buku Agenda","Buah",28,{"v":79200,"d":"79,200"},{"v":2217600,"d":"2,217,600.00"},"027/02.04.04/PPBJ/2019"]
[{"$nulls":7},"020/02.01.011/PPTK/2019","Kasubag Perencanaan (umum dan keuangan)"]
[]
[35,"2019-02-07","Snack Kotak Rapat","kotak",23,{"v":16000,"d":"16,000"},{"v":368000,"d":"368,000.00"},"027/02.06.04/PPBJ/2019"]
[null,null,"Nasi Kotak Rapat","kotak",23,{"v":40000,"d":"40,000"},{"v":920000,"d":"920,000.00"},"020/04.06.001/PPTK/2019","Kasubag Perencanaan "]
[]
[36,"2019-02-08","Foto Copy","lembar",1236,198,{"v":244728,"d":"244,728.00"},"027/02.07.01/PPBJ/2019"]
[{"$nulls":7},"020/06.22.002/PPTK/2019","Kasi Pemeliharaan RTH"]
[]
[37,"2019-02-11","Materai 6000","Lembar",35,{"v":6000,"d":"6,000"},{"v":210000,"d":"210,000.00"},"027/02.11.03/PPBJ/2019"]
[null,null,"Materai 3000","Lembar",30,{"v":3000,"d":"3,000"},{"v":90000,"d":"90,000.00"},"020/001/PPTK/2019","Kasi Fasilitasi Pengadaan Tanah"]
[]
[38,"2019-02-11","Materai 6000","Lembar",50,{"v":6000,"d":"6,000"},{"v":300000,"d":"300,000.00"},"027/02.11.02/PPBJ/2019"]
[null,null,"Materai 3000","Lembar",40,{"v":3000,"d":"3,000"},{"v":120000,"d":"120,000.00"},"020/01.07.001/PPTK/2019","Kasubag Perencanaan "]
[]
[39,"2019-02-11","Materai 6000","Lembar",50,{"v":6000,"d":"6,000"},{"v":300000,"d":"300,000.00"},"027/02.11.01/PPBJ/2019"]
[null,null,"Materai 3000","Lembar",40,{"v":3000,"d":"3,000"},{"v":120000,"d":"120,000.00"},"020/02.06.001/PPTK/2019","Kasubag Perencanaan "]
[]
[40,"2019-02-11","Snack Kotak Rapat","kotak",20,{"v":16000,"d":"16,000"},{"v":320000,"d":"320,000.00"},"027/02.08.02/PPBJ/2019"]
[null,null,"Nasi Kotak Rapat","kotak",20,{"v":40000,"d":"40,000"},{"v":800000,"d":"800,000.00"},"020/006/PPTK/2019","Kasi Penataan RTH"]
[]
[41,"2019-02-12","Snack Kotak Rapat","kotak",16,{"v":16000,"d":"16,000"},{"v":256000,"d":"256,000.00"},"027/02.11.05/PPBJ/2019"]
[null,null,"Nasi Kotak Rapat","kotak",16,{"v":40000,"d":"40,000"},{"v":640000,"d":"640,000.00"},"020/007/PPTK/2019","Kasi Penataan RTH"]
[]
[42,"2019-02-12","Materai 6000","Lembar",50,{"v":6000,"d":"6,000"},{"v":300000,"d":"300,000.00"},"027/02.12.01/PPBJ/2019"]
[null,null,"Materai 3000","Lembar",30,{"v":3000,"d":"3,000"},{"v":90000,"d":"90,000.00"},"020/001/PPTK/2019","Kasi Penataan dan Penyelesaian Sengketa Pertanahan"]
[]
[43,"2019-02-12","Sapu Bulu Ayam Biasa","Buah",10,{"v":28875,"d":"28,875"},{"v":288750,"d":"288,750.00"},"027/02.08.03/PPBJ/2019\n"]
[null,null,"Pembersih Lantai ","Buah",22,{"v":27500,"d":"27,500"},{"v":605000,"d":"605,000.00"},"020/01.01.008/PPTK/2019\n","Kasubag Perencanaan (umum dan keuangan)"]
[null,null,"Pembersih Kaca Cling","Botol",13,{"v":31570,"d":"31,570"},{"v":410410,"d":"410,410.00"}]
[null,null,"Sapu Ijuk Plastik Kipas","buah",15,{"v":57200,"d":"57,200"},{"v":858000,"d":"858,000.00"}]
[null,null,"Pembersih Keramik","Botol",15,{"v":31350,"d":"31,350"},{"v":470250,"d":"470,250.00"}]
[null,null,"Ember 5 Galon","buah",8,{"v":14300,"d":"14,300"},{"v":114400,"d":"114,400.00"}]
[null,null,"Sumbu Tangkai Pel","Buah",4,{"v":64900,"d":"64,900"},{"v":259600,"d":"259,600.00"}]
[null,null,"Pengharum Ruangan ","Botol",20,{"v":37950,"d":"37,950"},{"v":759000,"d":"759,000.00"}]
[null,null,"Tissue kotak tebal","kotak",18,{"v":29590,"d":"29,590"},{"v":532620,"d":"532,620.00"}]
[null,null,"Tissue Gulung","gulung",20,{"v":13860,"d":"13,860"},{"v":277200,"d":"277,200.00"}]
[null,null,"Sikat WC Plastik Tangkai","buah",5,{"v":17600,"d":"17,600"},{"v":88000,"d":"88,000.00"}]
[null,null,"Kapur Barus Warna Bagus","bungkus",8,{"v":21890,"d":"21,890"},{"v":175120,"d":"175,120.00"}]
[null,null,"Pewangi","Kaleng",8,{"v":28875,"d":"28,875"},{"v":231000,"d":"231,000.00"}]
[null,null,"Keset karpet warna anti slip","Buah",8,{"v":48675,"d":"48,675"},{"v":389400,"d":"389,400.00"}]
[null,null,"Keset Serabut","buah",8,{"v":28875,"d":"28,875"},{"v":231000,"d":"231,000.00"}]
[null,null,"Serok Sampah","buah",8,{"v":20900,"d":"20,900"},{"v":167200,"d":"167,200.00"}]
[null,null,"Lap Kuning Besar","buah",8,{"v":16390,"d":"16,390"},{"v":131120,"d":"131,120.00"}]
[null,null,"Lap Kuning kecil","Buah",8,{"v":8470,"d":"8,470"},{"v":67760,"d":"67,760.00"}]
[]
[44,"2019-02-13","Materai 6000","Lembar",80,{"v":6000,"d":"6,000"},{"v":480000,"d":"480,000.00"},"027/02.13.01/PPBJ/2019"]
[null,null,"Materai 3000","Lembar",55,{"v":3000,"d":"3,000"},{"v":165000,"d":"165,000.00"},"020/004/PPTK/2019","Kasi Penataan RTH"]
[]
[45,"2019-02-13","Foto Copy","lembar",1000,198,{"v":198000,"d":"198,000.00"},"027/02.12.02/PPBJ/2019"]
[{"$nulls":7},"020/03.02.13/16.004/PPTK/2019","Kasi Permukiman"]
[]
[46,"2019-02-13","Konsentrat Chirpy","Bungkus",20,{"v":9900,"d":"9,900"},{"v":198000,"d":"198,000.00"},"027/02.12.04/PPBJ/2019"]
[null,null,"Pepaya","Kg",10,{"v":4400,"d":"4,400"},{"v":44000,"d":"44,000.00"},"020/16/22.02/PPTK/2019","Kasi Pemeliharaan RTH"]
[null,null,"PISANG","Buah",200,{"v":1100,"d":"1,100"},{"v":220000,"d":"220,000.00"}]
[null,null,"Jangkrik","Kg",3,{"v":55000,"d":"55,000"},{"v":165000,"d":"165,000.00"}]
[]
[47,"2019-02-18","Banten Penganyar","Kali",1,{"v":346500,"d":"346,500"},{"v":346500,"d":"346,500.00"},"027.02.15.02/PPBJ/2019"]
[{"$nulls":7},"020/11.02.012/PPTK/2019","Kasubag Perencanaan (umum dan keuangan)"]
[]
[48,"2019-02-19","Banten Purnama","Kali",1,{"v":2493700,"d":"2,493,700"},{"v":2493700,"d":"2,493,700.00"},"027/02.15.01/PPBJ/2019"]
[{"$nulls":7},"020/12.02.012/PPTK/2019","Kasubag Perencanaan (umum dan keuangan)"]
[]
[49,"2019-02-19","Materai 6000","Lembar",150,{"v":6000,"d":"6,000"},{"v":900000,"d":"900,000.00"},"027/02.19.01/PPBJ/2019\n"]
[null,null,"Materai 3000","Lembar",150,{"v":3000,"d":"3,000"},{"v":450000,"d":"450,000.00"},"020/12.2.19/15.013/PPTK/2019\n","Kasi Perumahan"]
[]
[50,"2019-02-19","Materai 6000","Lembar",150,{"v":6000,"d":"6,000"},{"v":900000,"d":"900,000.00"},"027/02.19.03/PPBJ/2019"]
[null,null,"Materai 3000","Lembar",30,{"v":3000,"d":"3,000"},{"v":90000,"d":"90,000.00"},"020/08.2.19/18.004/PPTK/2019","Kasi Perumahan"]
[]
[51,"2019-02-19","Materai 6000","Lembar",47,{"v":6000,"d":"6,000"},{"v":282000,"d":"282,000.00"},"027/02.19.04/PPBJ/2019"]
[null,null,"Materai 3000","Lembar",39,{"v":3000,"d":"3,000"},{"v":117000,"d":"117,000.00"},"020/04.2.19/16.004/PPTK/2019","Kasi Permukiman"]
[]
[52,"2019-02-19","Materai 6000","Lembar",165,{"v":6000,"d":"6,000"},{"v":990000,"d":"990,000.00"},"027/02.19.02/PPBJ/2019"]
[null,null,"Materai 3000","Lembar",100,{"v":3000,"d":"3,000"},{"v":300000,"d":"300,000.00"},"020/06.2.19/15.012/PPTK/2019","Kasi Perumahan"]
[]
[53,"2019-02-19","Cetak Laporan PKK,DAK,Kemiskinan,Lakip,DokumenRecana Aksi 2019","Buku",1,{"v":1930500,"d":"1,930,500"},{"v":1930500,"d":"1,930,500.00"},"027/02.18.01/PBBJ/2019"]
[{"$nulls":7},"020/03.06.001/PPTK/2019","Kasubag Perencanaan "]
[]
[54,"2019-02-19","Foto Copy","lembar",1350,198,{"v":267300,"d":"267,300.00"},"027/02.18.02/PPBJ/2019"]
[{"$nulls":7},"020/05.06.001/PPTK/2019","Kasubag Perencanaan "]
[]
[55,"2019-02-19","Foto Copy","lembar",2800,198,{"v":554400,"d":"554,400.00"},"027/02.18.03/PPBJ/2019"]
[{"$nulls":7},"020/09.07.001/PPTK/2019","Kasubag Perencanaan "]
[]
[56,"2019-02-20","Materai 6000","Lembar",30,{"v":6000,"d":"6,000"},{"v":180000,"d":"180,000.00"},"027/02.20.05/PPBJ/2019"]
[null,null,"Materai 3000","Lembar",15,{"v":3000,"d":"3,000"},{"v":45000,"d":"45,000.00"},"020/01.01.003/PPTK/2019","Kasubag Perencanaan (umum dan keuangan)"]
[]
[57,"2019-02-22","Foto Copy","lembar",1253,198,{"v":248094,"d":"248,094.00"},"027/02.21.01/PPBJ/2019"]
[{"$nulls":7},"020/008/PPTK/2019","Kasi Penataan RTH"]
[]
[58,"2019-02-22","Snack Kotak Rapat","kotak",157,{"v":16000,"d":"16,000"},{"v":2512000,"d":"2,512,000.00"},"027/02.21.03/PPBJ/2019"]
[{"$nulls":7},"020/12/22.002/PPTK/2019","Kasi Pemeliharaan RTH"]
[]
[59,"2019-02-22","Snack Kotak Rapat","kotak",21,{"v":16000,"d":"16,000"},{"v":336000,"d":"336,000.00"},"027/02.22.04/PPBJ/2019"]
[null,null,"Nasi Kotak Rapat","kotak",21,{"v":40000,"d":"40,000"},{"v":840000,"d":"840,000.00"},"020/10.07.001/PPTK/2019","Kasubag Perencanaan "]
[]
[60,"2019-02-26","Spanduk Hut Kota Singaraja Ukuran 300x100","kali",2,{"v":149600,"d":"149,600"},{"v":299200,"d":"299,200.00"},"027/02.25.04/PPBJ/2019"]
[{"$nulls":7},"020/06.01.011/PPTK/2019","Kasubag Perencanaan (umum dan keuangan)"]
[]
[61,"2019-02-26","Snack Kotak Rapat","kotak",20,{"v":16000,"d":"16,000"},{"v":320000,"d":"320,000.00"},"027/02.25.02/PPBJ/2019"]
[null,null,"Nasi Kotak Rapat","kotak",20,{"v":40000,"d":"40,000"},{"v":800000,"d":"800,000.00"},"020/07.01.017/PPTK/2019","Kasubag Perencanaan (umum dan keuangan)"]
[]
[62,"2019-02-27","Banten Penganyar","Kali",1,{"v":346500,"d":"346,500"},{"v":346500,"d":"346,500.00"},"027/02.25.01/PPBJ/2019"]
[{"$nulls":7},"020/13.02.015/PPTK/2019","Kasubag Perencanaan (umum dan keuangan)"]
[]
[63,"2019-02-28","Banten Sehari-hari","Kali",1,{"v":480480,"d":"480,480"},{"v":480480,"d":"480,480.00"},"027/01.31.09/PPBJ/2019"]
[{"$nulls":7},"020/15.02.015/PPTK/2019","Kasubag Perencanaan (umum dan keuangan)"]
[]
[64,"2019-02-28","Bali Post","Eksemplar",1,{"v":95000,"d":"95,000"},{"v":95000,"d":"95,000.00"},"027/01.31.11/PPBJ/2019"]
[null,null,"Jawa post","Eksemplar",1,{"v":140000,"d":"140,000"},{"v":140000,"d":"140,000.00"},"020/02.01.015/PPTK/2019","Kasubag Perencanaan (umum dan keuangan)"]
[null,null,"Nusa Bali","Eksemplar",2,{"v":95000,"d":"95,000"},{"v":190000,"d":"190,000.00"}]
[null,null,"Bali tribun","Eksemplar",1,{"v":75000,"d":"75,000"},{"v":75000,"d":"75,000.00"}]
[]
[65,"2019-02-28","Banten Sehari-hari","Kali",1,{"v":715000,"d":"715,000"},{"v":715000,"d":"715,000.00"},"027/01.31.10/PPBJ/2019"]
[{"$nulls":7},"020/14.02.12/PPTK/2019","Kasubag Perencanaan (umum dan keuangan)"]
[]
[66,"2019-02-28","Aqua Botol Besar","Dus",2,{"v":72600,"d":"72,600"},{"v":145200,"d":"145,200.00"},"027/02.28.01/PPBJ/2019"]
[null,null,"Air Mineral Kemasan Gelas","Dus",3,{"v":29700,"d":"29,700"},{"v":89100,"d":"89,100.00"},"020/06.01.017/PPTK/2019","Kasubag Perencanaan (umum dan keuangan)"]
[null,null,"Gula Pasir","Kg",1,{"v":16500,"d":"16,500"},{"v":16500,"d":"16,500.00"}]
[null,null,"Kopi Bubuk","Kg",1,{"v":69850,"d":"69,850"},{"v":69850,"d":"69,850.00"}]
[null,null,"Teh Celup sosro","Kotak",3,{"v":17050,"d":"17,050"},{"v":51150,"d":"51,150.00"}]
[null,null,"Permen Kopiko","Bungkus",2,{"v":9900,"d":"9,900"},{"v":19800,"d":"19,800.00"}]
[null,null,"Aqua Galon ","Galon",5,{"v":24200,"d":"24,200"},{"v":121000,"d":"121,000.00"}]
[null,null,"Air Mineral Kemasan Tanggung","Dus",3,{"v":89760,"d":"89,760"},{"v":269280,"d":"269,280.00"}]
[null,null,"Minuman Energi","Botol",1,{"v":172700,"d":"172,700"},{"v":172700,"d":"172,700.00"}]
[null,null,"Buah Melon","Buah",1,{"v":30800,"d":"30,800"},{"v":30800,"d":"30,800.00"}]
[]
[67,"2019-02-28","Kertas HVS 70 gr Folio","Rim",227,{"v":54890,"d":"54,890"},{"v":12460030,"d":"12,460,030.00"},"600/044/UMUM/2019"]
[null,null,"Kertas HVS 70 gr Kwarto","Rim",25,{"v":51700,"d":"51,700"},{"v":1292500,"d":"1,292,500.00"},"020/01.01.010/PPTK/2019","Kasubag Perencanaan (umum dan keuangan)"]
[null,null,"Bolpoin","buah",82,{"v":2585,"d":"2,585"},{"v":211970,"d":"211,970.00"}]
[null,null,"Amplop Kabinet 80 gram BS","Kotak",3,{"v":27500,"d":"27,500"},{"v":82500,"d":"82,500.00"}]
[null,null,"Stabilow Boss","buah",9,{"v":9900,"d":"9,900"},{"v":89100,"d":"89,100.00"}]
[null,null,"Steples Alat Max No.10 (K) Asli","buah",10,{"v":19250,"d":"19,250"},{"v":192500,"d":"192,500.00"}]
[null,null,"Steples Alat Max No. 30 (B) Asli","buah",6,{"v":60500,"d":"60,500"},{"v":363000,"d":"363,000.00"}]
[null,null,"Isi Steples Max No. 30","Buah",85,{"v":5500,"d":"5,500"},{"v":467500,"d":"467,500.00"}]
[null,null,"Isi Steples Max No. 10","buah",84,{"v":3300,"d":"3,300"},{"v":277200,"d":"277,200.00"}]
[null,null,"Bantalan Stempel (LLK)","buah",4,{"v":9570,"d":"9,570"},{"v":38280,"d":"38,280.00"}]
[null,null,"Cutther L 550 kenko","buah",5,{"v":16500,"d":"16,500"},{"v":82500,"d":"82,500.00"}]
[null,null,"Isi Bollpoint Pentel","buah",25,{"v":20680,"d":"20,680"},{"v":517000,"d":"517,000.00"}]
[null,null,"Lem Glukol B","Botol",3,{"v":6270,"d":"6,270"},{"v":18810,"d":"18,810.00"}]
[null,null,"Map Jepit /Shenel Plastik","Pak",69,{"v":3850,"d":"3,850"},{"v":265650,"d":"265,650.00"}]
[null,null,"Map clear Holder (40)","Buah",75,{"v":30030,"d":"30,030"},{"v":2252250,"d":"2,252,250.00"}]
[null,null,"Spidol Permanen G 12 ","buah",6,{"v":9020,"d":"9,020"},{"v":54120,"d":"54,120.00"}]
[null,null,"Tinta Stempel Art Line","buah",2,{"v":12650,"d":"12,650"},{"v":25300,"d":"25,300.00"}]
[null,null,"Tipp-Ex Pemutih/Set 20 ML Fluid","Botol",5,{"v":9350,"d":"9,350"},{"v":46750,"d":"46,750.00"}]
[null,null,"Map Kertas Folio","buah",667,627,{"v":418209,"d":"418,209.00"}]
[null,null,"Amplop Besar Putih Panjang","Kotak",2,{"v":28600,"d":"28,600"},{"v":57200,"d":"57,200.00"}]
[null,null,"Clips (B)","buah",9,{"v":5775,"d":"5,775"},{"v":51975,"d":"51,975.00"}]
[null,null,"Clips Sea Gull","buah",29,{"v":3300,"d":"3,300"},{"v":95700,"d":"95,700.00"}]
[null,null,"Penggaris Besi 30 cm","buah",2,{"v":6600,"d":"6,600"},{"v":13200,"d":"13,200.00"}]
[null,null,"Pita 2170/S010031 Refill Printech","buah",3,{"v":22770,"d":"22,770"},{"v":68310,"d":"68,310.00"}]
[null,null,"Cutther A 300 (Alat)","buah",1,{"v":6600,"d":"6,600"},{"v":6600,"d":"6,600.00"}]
[null,null,"Cutther Pisau Isi (B)","buah",2,{"v":6050,"d":"6,050"},{"v":12100,"d":"12,100.00"}]
[null,null,"Tipp-Ex Kenko Botol/Retype Botol","Botol",2,{"v":6600,"d":"6,600"},{"v":13200,"d":"13,200.00"}]
[null,null,"Tinta Printer Epson Standar (Black/Magenta/Yellow/Cyan)","buah",39,{"v":113850,"d":"113,850"},{"v":4440150,"d":"4,440,150.00"}]
[null,null,"Ballpoint AE-7","buah",25,{"v":1760,"d":"1,760"},{"v":44000,"d":"44,000.00"}]
[null,null,"Ballpoint Pentel Asli","Kotak",1,{"v":92950,"d":"92,950"},{"v":92950,"d":"92,950.00"}]
[null,null,"Pelubang Kertas 330","buah",1,{"v":31900,"d":"31,900"},{"v":31900,"d":"31,900.00"}]
[null,null,"Map Ordner F / Extra / Kwarto","buah",8,{"v":24200,"d":"24,200"},{"v":193600,"d":"193,600.00"}]
[null,null,"Amplop Polos berperekat 80 gr besar (90)","Kotak",1,{"v":28380,"d":"28,380"},{"v":28380,"d":"28,380.00"}]
[null,null,"Spidol OHP Lepasan Snowman","Set",1,{"v":12100,"d":"12,100"},{"v":12100,"d":"12,100.00"}]
[null,null,"Stabilow Faber Castell","buah",1,{"v":9900,"d":"9,900"},{"v":9900,"d":"9,900.00"}]
[null,null,"Tinta Stempel","buah",1,{"v":12980,"d":"12,980"},{"v":12980,"d":"12,980.00"}]
[null,null,"Ballpoint Biru' Boxy","Kotak",3,{"v":8800,"d":"8,800"},{"v":26400,"d":"26,400.00"}]
[null,null,"Plak ban jilid 2\" hitam daimaru","buah",3,{"v":19250,"d":"19,250"},{"v":57750,"d":"57,750.00"}]
[null,null,"Map Jepit /Shenel Kertas","buah",2,{"v":45100,"d":"45,100"},{"v":90200,"d":"90,200.00"}]
[null,null,"Plastik Mika Warna F","Lembar",1,825,{"v":825,"d":"825.00"}]
[null,null,"Lem Vovinal T (112)","Botol",1,{"v":3300,"d":"3,300"},{"v":3300,"d":"3,300.00"}]
[null,null,"Paku Pines Putih (30)","buah",1,{"v":1100,"d":"1,100"},{"v":1100,"d":"1,100.00"}]
[null,null,"Lem Vovinal B (113)","Botol",6,{"v":6050,"d":"6,050"},{"v":36300,"d":"36,300.00"}]
[null,null,"Ballpoint Faster","Kotak",4,{"v":31350,"d":"31,350"},{"v":125400,"d":"125,400.00"}]
[null,null,"Pensil MMR 2B, 4B, HB steadler","buah",8,{"v":5500,"d":"5,500"},{"v":44000,"d":"44,000.00"}]
[null,null,"Map Clear Holder (60)","buah",1,{"v":34650,"d":"34,650"},{"v":34650,"d":"34,650.00"}]
[null,null,"Bantalan Stempel Art Line B No.2","buah",1,{"v":19250,"d":"19,250"},{"v":19250,"d":"19,250.00"}]
[null,null,"Klip Jepit Besar","buah",19,{"v":3850,"d":"3,850"},{"v":73150,"d":"73,150.00"}]
[null,null,"Bolpoin Biru","buah",17,{"v":2585,"d":"2,585"},{"v":43945,"d":"43,945.00"}]
[null,null,"Gunting G XL","buah",2,{"v":11000,"d":"11,000"},{"v":22000,"d":"22,000.00"}]
[null,null,"Map Bufalow Snelhecter","Botol",5,{"v":3300,"d":"3,300"},{"v":16500,"d":"16,500.00"}]
[null,null,"Map Ordner TK","buah",11,{"v":23650,"d":"23,650"},{"v":260150,"d":"260,150.00"}]
[null,null,"Penghapus Steadler 526 D 40 (K)","buah",2,{"v":2750,"d":"2,750"},{"v":5500,"d":"5,500.00"}]
[null,null,"Spidol White Board","buah",2,{"v":11000,"d":"11,000"},{"v":22000,"d":"22,000.00"}]
[null,null,"Klip Jepit Sedang","buah",32,{"v":2200,"d":"2,200"},{"v":70400,"d":"70,400.00"}]
[null,null,"Klip Jepit Kecil","buah",27,{"v":1375,"d":"1,375"},{"v":37125,"d":"37,125.00"}]
[null,null,"Steples Alat Max No.10 HD Halus","buah",4,{"v":19250,"d":"19,250"},{"v":77000,"d":"77,000.00"}]
[null,null,"Map Snelhecter Folio Biasa","buah",157,{"v":1100,"d":"1,100"},{"v":172700,"d":"172,700.00"}]
[null,null,"Tipp-Ex Kenko Bolpoint","buah",2,{"v":6600,"d":"6,600"},{"v":13200,"d":"13,200.00"}]
[null,null,"Box File Bantex","buah",4,{"v":25300,"d":"25,300"},{"v":101200,"d":"101,200.00"}]
[null,null,"Buku Kwitansi Ekskutif","buah",7,{"v":8250,"d":"8,250"},{"v":57750,"d":"57,750.00"}]
[null,null,"Ballpoint Pilot Balliner","Kotak",1,{"v":22990,"d":"22,990"},{"v":22990,"d":"22,990.00"}]
[null,null,"Bantalan Stempel Art Line K No.0","buah",1,{"v":19250,"d":"19,250"},{"v":19250,"d":"19,250.00"}]
[null,null,"Box File TK/Jongkok","buah",5,{"v":25300,"d":"25,300"},{"v":126500,"d":"126,500.00"}]
[null,null,"Pelubang Kertas Besar (85)","buah",1,{"v":60500,"d":"60,500"},{"v":60500,"d":"60,500.00"}]
[null,null,"Pembuka Kacip Max (Remover) ","buah",1,{"v":14300,"d":"14,300"},{"v":14300,"d":"14,300.00"}]
[null,null,"Penggaris Besi 60 cm","buah",1,{"v":15950,"d":"15,950"},{"v":15950,"d":"15,950.00"}]
[null,null,"Pensil 2B Faber Castel","buah",2,{"v":3850,"d":"3,850"},{"v":7700,"d":"7,700.00"}]
[null,null,"Stick Notes","buah",5,{"v":8250,"d":"8,250"},{"v":41250,"d":"41,250.00"}]
[null,null,"Tinta Yamura","buah",2,{"v":12650,"d":"12,650"},{"v":25300,"d":"25,300.00"}]
[null,null,"Nota 1/2 Folio R3 Biasa","buah",2,{"v":8250,"d":"8,250"},{"v":16500,"d":"16,500.00"}]
[null,null,"Penghapus Steadler 52650 J (B)","buah",2,{"v":2750,"d":"2,750"},{"v":5500,"d":"5,500.00"}]
[null,null,"Isolasi Bolak Balik 1/2\"","buah",2,{"v":4400,"d":"4,400"},{"v":8800,"d":"8,800.00"}]
[null,null,"Plastik Mika Warna F","Lembar",25,{"v":3410,"d":"3,410"},{"v":85250,"d":"85,250.00"}]
[null,null,"Buku Folio (100)","buah",5,{"v":19250,"d":"19,250"},{"v":96250,"d":"96,250.00"}]
[null,null,"Amplop Kabinet 60 gram","Kotak",1,{"v":17600,"d":"17,600"},{"v":17600,"d":"17,600.00"}]
[null,null,"Kertas CD","lembar",2,{"v":33000,"d":"33,000"},{"v":66000,"d":"66,000.00"}]
[null,null,"Kertas Glossy/Foto A4","Pak",1,{"v":24750,"d":"24,750"},{"v":24750,"d":"24,750.00"}]
[null,null,"Kertas HVS 70 gr Double Kwarto A3 Sidu","Rim",1,{"v":99000,"d":"99,000"},{"v":99000,"d":"99,000.00"}]
[null,null,"Map Gantung","Pak",1,{"v":150150,"d":"150,150"},{"v":150150,"d":"150,150.00"}]
[null,null,"Ballpoint Pilot Balliner","Kotak",1,{"v":198000,"d":"198,000"},{"v":198000,"d":"198,000.00"}]
[]
[68,"2019-02-28","Snack Kotak Rapat","kotak",25,{"v":16000,"d":"16,000"},{"v":400000,"d":"400,000.00"},"027/02.28.03/PPBJ/2019"]
[null,null,"Nasi Kotak Rapat","kotak",25,{"v":40000,"d":"40,000"},{"v":1000000,"d":"1,000,000.00"},"020/16.2.28/21.006/PPTK/2019","Kasi Perencanaan Perumahan"]
[]
[69,"2019-03-01","Foto Copy","lembar",5623,198,{"v":1113354,"d":"1,113,354.00"},"027/03.01.01/PPBJ/2019"]
[{"$nulls":7},"020/04.01.007/PPTK/2019","Kasubag Perencanaan (umum dan keuangan)"]
[]
[70,"2019-03-05","Materai 6000","Lembar",50,{"v":6000,"d":"6,000"},{"v":300000,"d":"300,000.00"},"027/03.05.01/PPBJ/2019"]
[null,null,"Materai 3000","Lembar",30,{"v":3000,"d":"3,000"},{"v":90000,"d":"90,000.00"},"020/002/PPTK/2019","Kasi Fasilitasi Pengadaan Tanah"]
[]
[71,"2019-03-05","Snack Kotak Rapat","kotak",18,{"v":16000,"d":"16,000"},{"v":288000,"d":"288,000.00"},"027/03.05.06/PPBJ/2019"]
[null,null,"Nasi Kotak Rapat","kotak",18,{"v":40000,"d":"40,000"},{"v":720000,"d":"720,000.00"},"020/06.06.001/PPTK/2019","Kasubag Perencanaan "]
[]
[72,"2019-03-06","Banten Tilem","Kali",1,{"v":2493700,"d":"2,493,700"},{"v":2493700,"d":"2,493,700.00"},"027/03.04.03/PPBJ/2019"]
[{"$nulls":7},"020/17.02.012/PPTK/2019","Kasubag Perencanaan (umum dan keuangan)"]
[]
[73,"2019-03-06","Banten Nyepi","Kali",1,{"v":749650,"d":"749,650"},{"v":749650,"d":"749,650.00"},"027/03.04.04/PPBJ/2019"]
[{"$nulls":7},"020/18.02.012/PPTK/2019","Kasubag Perencanaan (umum dan keuangan)"]
[]
[74,"2019-03-06","Banten Sehari-hari","Kali",4,{"v":346500,"d":"346,500"},{"v":1386000,"d":"1,386,000.00"},"027/03.04.06/PPBJ/2019"]
[{"$nulls":7},"020/20.02.012/PPTK/2019","Kasubag Perencanaan (umum dan keuangan)"]
[]
[75,"2019-03-06","Foto Copy","lembar",1062,198,{"v":210276,"d":"210,276.00"},"027/03.01.03/PPBJ/2019"]
[{"$nulls":7},"020/07.01.007/PPTK/2019","Kasubag Perencanaan (umum dan keuangan)"]
[]
[76,"2019-03-12","Foto Copy","lembar",786,198,{"v":155628,"d":"155,628.00"},"027/03.12.01/PPBJ/2019"]
[{"$nulls":7},"020/001/PPTK/2019","Kasi Survey, Pengukuran dan Pemetaan"]
[]
[77,"2019-03-13","Cetak RKA","Buku",50,{"v":69300,"d":"69,300"},{"v":3465000,"d":"3,465,000.00"},"027/03.04.08/PPBJ/2019"]
[null,null,"Cetak Musrenbang","Buku",10,{"v":24750,"d":"24,750"},{"v":247500,"d":"247,500.00"},"020/11.07.001/PPTK/2019","Kasubag Perencanaan "]
[null,null,"Cetak Laporan PKK","Buku",5,{"v":34650,"d":"34,650"},{"v":173250,"d":"173,250.00"}]
[null,null,"Cetak Laporan DAK","Buku",5,{"v":34650,"d":"34,650"},{"v":173250,"d":"173,250.00"}]
[null,null,"Cetak Laporan Kemiskinan","Buku",5,{"v":19800,"d":"19,800"},{"v":99000,"d":"99,000.00"}]
[null,null,"Cetak LPPD","Buku",20,{"v":59400,"d":"59,400"},{"v":1188000,"d":"1,188,000.00"}]
[null,null,"Cetak lkpj","Buku",10,{"v":49500,"d":"49,500"},{"v":495000,"d":"495,000.00"}]
[]
[78,"2019-03-14","Foto Copy","lembar",11225,198,{"v":2222550,"d":"2,222,550.00"},"027/03.12.03/PPBJ/2019"]
[{"$nulls":7},"020/21.2.14/16.004/PPTK/2019","Kasi Perumahan"]
[]
[79,"2019-03-15","Materai 6000","Lembar",125,{"v":6000,"d":"6,000"},{"v":750000,"d":"750,000.00"},"027/03.15.03/PPBJ/2019"]
[null,null,"Materai 3000","Lembar",50,{"v":3000,"d":"3,000"},{"v":150000,"d":"150,000.00"},"020/03.01.007/PPTK/2019","Kasubag Perencanaan (umum dan keuangan)"]
[]
[80,"2019-03-15","Foto Copy","lembar",474,198,{"v":93852,"d":"93,852.00"},"027/03.15.02/PPBJ/2019"]
[{"$nulls":7},"020/004/PPTK/2019","Kasi Fasilitasi Pengadaan Tanah"]
[]
[81,"2019-03-15","Foto Copy","lembar",936,198,{"v":185328,"d":"185,328.00"},"027/03.15.01/PPBJ/2019"]
[{"$nulls":7},"020/003/PPTK/2019","Kasi Fasilitasi Pengadaan Tanah"]
[]
[82,"2019-03-18","Banten Penganyar","Kali",1,{"v":346500,"d":"346,500"},{"v":346500,"d":"346,500.00"},"027/03.15.04/PPBJ/2019"]
[{"$nulls":7},"020/19.02.012/PPTK/2019","Kasubag Perencanaan (umum dan keuangan)"]
[]
[83,"2019-03-19","Snack Kotak Lomba","kotak",15,{"v":16000,"d":"16,000"},{"v":240000,"d":"240,000.00"},"027/03.18.04/PPBJ/2019"]
[null,null,"Nasi Kotak Lomba","kotak",15,{"v":40000,"d":"40,000"},{"v":600000,"d":"600,000.00"},"020/01.02.054/PPTK/2019","Kasubag Perencanaan (umum dan keuangan)"]
[]
[84,"2019-03-20","Banten Purnama","Kali",1,{"v":2493700,"d":"2,493,700"},{"v":2493700,"d":"2,493,700.00"},"027/03.18.02/PPBJ/2019"]
[{"$nulls":7},"020/21.02.012/PPTK/2019","Kasubag Perencanaan (umum dan keuangan)"]
[]
[85,"2019-03-20","Konsentrat Chirpy","Bungkus",10,{"v":9900,"d":"9,900"},{"v":99000,"d":"99,000.00"},"027/03.19.01/PPBJ/2019"]
[null,null,"Pepaya","Kg",5,{"v":4400,"d":"4,400"},{"v":22000,"d":"22,000.00"},"020/28/22.02/PPTK/2019","Kasi Pemeliharaan RTH"]
[null,null,"PISANG","Buah",200,{"v":1100,"d":"1,100"},{"v":220000,"d":"220,000.00"}]
[null,null,"Jangkrik","Kg",1,{"v":55000,"d":"55,000"},{"v":55000,"d":"55,000.00"}]
[]
[86,"2019-03-20","Snack Kotak Rapat","kotak",40,{"v":16000,"d":"16,000"},{"v":640000,"d":"640,000.00"},"027/03.20.04/PPBJ/2019"]
[null,null,"Nasi Kotak Rapat","kotak",40,{"v":40000,"d":"40,000"},{"v":1600000,"d":"1,600,000.00"},"020/24.2.20/21.007/PPTK/2019","Kasi Perumahan"]
[]
[87,"2019-03-21","Snack Kotak Rapat","kotak",24,{"v":16000,"d":"16,000"},{"v":384000,"d":"384,000.00"},"027/03.20.03/PPBJ/2019"]
[null,null,"Nasi Kotak Rapat","kotak",24,{"v":40000,"d":"40,000"},{"v":960000,"d":"960,000.00"},"020/009/PPTK/2019","Kasi Penataan RTH"]
[]
[89,"2019-03-22","Snack Kotak Lomba","kotak",22,{"v":16000,"d":"16,000"},{"v":352000,"d":"352,000.00"},"027/03.21.03/PPBJ/2019"]
[null,null,"Nasi Kotak Lomba","kotak",22,{"v":40000,"d":"40,000"},{"v":880000,"d":"880,000.00"},"020/02.02.054/PPTK/2019","Kasubag Perencanaan (umum dan keuangan)"]
[]
[90,"2019-03-22","Aqua Botol Besar","Dus",3,{"v":72600,"d":"72,600"},{"v":217800,"d":"217,800.00"},"027/03.22.03/PPBJ/2019"]
[null,null,"Air Mineral Kemasan Gelas","Dus",3,{"v":29700,"d":"29,700"},{"v":89100,"d":"89,100.00"},"020/08.01.017/PPTK/2019","Kasubag Perencanaan (umum dan keuangan)"]
[null,null,"Gula Pasir","Kg",2,{"v":16500,"d":"16,500"},{"v":33000,"d":"33,000.00"}]
[null,null,"Kopi Bubuk","Kg",2,{"v":69850,"d":"69,850"},{"v":139700,"d":"139,700.00"}]
[null,null,"Teh Celup sosro","Kotak",4,{"v":17050,"d":"17,050"},{"v":68200,"d":"68,200.00"}]
[null,null,"Permen Kopiko","Bungkus",3,{"v":9900,"d":"9,900"},{"v":29700,"d":"29,700.00"}]
[null,null,"Aqua Galon ","Galon",5,{"v":24200,"d":"24,200"},{"v":121000,"d":"121,000.00"}]
[null,null,"Buah Melon","Buah",1,{"v":30800,"d":"30,800"},{"v":30800,"d":"30,800.00"}]
[null,null,"Air Mineral Kemasan Tanggung","Dus",3,{"v":89760,"d":"89,760"},{"v":269280,"d":"269,280.00"}]
[]
[91,"2019-03-25","Sabit","buah",100,{"v":69300,"d":"69,300"},{"v":6930000,"d":"6,930,000.00"},"600/546.7/RTH/2019"]
[null,null,"Sapu Lidi Biasa","Buah",106,{"v":10120,"d":"10,120"},{"v":1072720,"d":"1,072,720.00"},"020/004.2/22.003/PPTK/2019","Kasi Pemeliharaan Sarana dan Prasarana RTH"]
[null,null,"Sapu Lidi Taman","buah",150,{"v":28600,"d":"28,600"},{"v":4290000,"d":"4,290,000.00"}]
[null,null,"Keranjang Sampah Besar","buah",100,{"v":20350,"d":"20,350"},{"v":2035000,"d":"2,035,000.00"}]
[null,null,"ember plastik 3 Galon","Buah",22,{"v":42900,"d":"42,900"},{"v":943800,"d":"943,800.00"}]
[null,null,"Pengepelan Sumbu","buah",4,{"v":64900,"d":"64,900"},{"v":259600,"d":"259,600.00"}]
[null,null,"Reffil pembersih lantai","bungkus",10,{"v":16500,"d":"16,500"},{"v":165000,"d":"165,000.00"}]
[null,null,"Sapu Bulu Ayam Biasa","Buah",6,{"v":28600,"d":"28,600"},{"v":171600,"d":"171,600.00"}]
[null,null,"Sapu Ijuk Plastik Kipas","buah",8,{"v":57200,"d":"57,200"},{"v":457600,"d":"457,600.00"}]
[null,null,"Serok Sampah","buah",50,{"v":49500,"d":"49,500"},{"v":2475000,"d":"2,475,000.00"}]
[null,null,"Super sol","Botol",10,{"v":15950,"d":"15,950"},{"v":159500,"d":"159,500.00"}]
[null,null,"Tali plastik PE","Buah",50,{"v":19250,"d":"19,250"},{"v":962500,"d":"962,500.00"}]
[null,null,"Kikir Bulat","buah",15,{"v":84700,"d":"84,700"},{"v":1270500,"d":"1,270,500.00"}]
[null,null,"Cangkul + Pati","buah",17,{"v":151800,"d":"151,800"},{"v":2580600,"d":"2,580,600.00"}]
[null,null,"Tempat Sampah Roda","Set",6,{"v":1959100,"d":"1,959,100"},{"v":11754600,"d":"11,754,600.00"}]
[null,null,"Lap Kanebo","buah",6,{"v":162800,"d":"162,800"},{"v":976800,"d":"976,800.00"}]
[null,null,"Selang Q 1/2''","buah",1,{"v":469920,"d":"469,920"},{"v":469920,"d":"469,920.00"}]
[null,null,"Kikir pipih","buah",18,{"v":84920,"d":"84,920"},{"v":1528560,"d":"1,528,560.00"}]
[null,null,"Shampo Mobil","Botol",10,{"v":55000,"d":"55,000"},{"v":550000,"d":"550,000.00"}]
[null,null,"Sikat WC Biasa","Buah",10,{"v":18150,"d":"18,150"},{"v":181500,"d":"181,500.00"}]
[null,null,"Sikat WC Plastik Tangkai","buah",10,{"v":17600,"d":"17,600"},{"v":176000,"d":"176,000.00"}]
[null,null,"Gunting Stek","buah",22,{"v":84700,"d":"84,700"},{"v":1863400,"d":"1,863,400.00"}]
[null,null,"Gunting rumput","buah",22,{"v":159940,"d":"159,940"},{"v":3518680,"d":"3,518,680.00"}]
[null,null,"Cangkul Kecil + Pati","buah",50,{"v":69300,"d":"69,300"},{"v":3465000,"d":"3,465,000.00"}]
[null,null,"Selang benang 1","Roll",1,{"v":1299540,"d":"1,299,540"},{"v":1299540,"d":"1,299,540.00"}]
[null,null,"Selang benang 1,25","Roll",1,{"v":1749000,"d":"1,749,000"},{"v":1749000,"d":"1,749,000.00"}]
[null,null,"Selang speral 2","Roll",1,{"v":2499475,"d":"2,499,475"},{"v":2499475,"d":"2,499,475.00"}]
[null,null,"Keset Sabut 1 1/5 M","Buah",4,{"v":153120,"d":"153,120"},{"v":612480,"d":"612,480.00"}]
[null,null,"Gayung Jantung Besar","buah",8,{"v":13200,"d":"13,200"},{"v":105600,"d":"105,600.00"}]
[null,null,"Madik","buah",15,{"v":99275,"d":"99,275"},{"v":1489125,"d":"1,489,125.00"}]
[null,null,"Parang","buah",20,{"v":99275,"d":"99,275"},{"v":1985500,"d":"1,985,500.00"}]
[null,null,"Batu asah","buah",20,{"v":24750,"d":"24,750"},{"v":495000,"d":"495,000.00"}]
[]
[92,"2019-03-25","Snack Kotak Rapat","kotak",19,{"v":16000,"d":"16,000"},{"v":304000,"d":"304,000.00"},"027/03.25.08/PPBJ/2019"]
[null,null,"Nasi Kotak Rapat","kotak",19,{"v":40000,"d":"40,000"},{"v":760000,"d":"760,000.00"},"020/12.07.001/PPTK/2019","Kasubag Perencanaan "]
[]
[93,"2019-03-26","Snack Kotak Lomba","kotak",13,{"v":16000,"d":"16,000"},{"v":208000,"d":"208,000.00"},"027/03.25.02/PPBJ/2019"]
[null,null,"Nasi Kotak Lomba","kotak",13,{"v":40000,"d":"40,000"},{"v":520000,"d":"520,000.00"},"020/03.02.054/PPTK/2019","Kasubag Perencanaan (umum dan keuangan)"]
[]
[94,"2019-03-26","Banten Penganyar","Kali",1,{"v":346500,"d":"346,500"},{"v":346500,"d":"346,500.00"},"027/03.25.01/PPBJ/2019"]
[{"$nulls":7},"020/24.02.012/PPTK/2019","Kasubag Perencanaan (umum dan keuangan)"]
[]
[95,"2019-03-26","Banten Penganyar","Kali",1,{"v":346500,"d":"346,500"},{"v":346500,"d":"346,500.00"},"027/03.25.01/PPBJ/2019\n"]
[{"$nulls":7},"020/24.02.012/PPTK/2019\n","Kasubag Perencanaan (umum dan keuangan)"]
[]
[96,"2019-03-27","Snack Kotak Rapat","kotak",15,{"v":16000,"d":"16,000"},{"v":240000,"d":"240,000.00"},"027/03.27.03/PPBJ/2019"]
[{"$nulls":7},"020/011/PPTK/2019","Kasi Penataan RTH"]
[]
[97,"2019-03-27","Snack Kotak Rapat","kotak",20,{"v":16000,"d":"16,000"},{"v":320000,"d":"320,000.00"},"027/04.08.02/PPBJ/2019"]
[null,null,"Nasi Kotak Rapat","kotak",20,{"v":40000,"d":"40,000"},{"v":800000,"d":"800,000.00"},"020/002/PPTK/2019","Kasi Survey, Pengukuran dan Pemetaan"]
[]
[98,"2019-03-27","Foto Copy","lembar",2936,198,{"v":581328,"d":"581,328.00"},"027/03.25.07/PPBJ/2019"]
[{"$nulls":7},"020/09.01.011/PPTK/2019","Kasubag Perencanaan (umum dan keuangan)"]
[]
[99,"2019-03-28","Kebaya Bahan Sifon","Stel",1,{"v":797500,"d":"797,500"},{"v":797500,"d":"797,500.00"},"027/03.26.01/PPBJ/2019"]
[null,null,"Baju Sapari","Stel",1,{"v":797500,"d":"797,500"},{"v":797500,"d":"797,500.00"},"020/06.02.054/PPTK/2019","Kasubag Perencanaan (umum dan keuangan)"]
[]
[100,"2019-03-29","Snack Kotak Gotong Royong","kotak",50,{"v":16000,"d":"16,000"},{"v":800000,"d":"800,000.00"},"027/03.27.02/PPBJ/2019"]
[null,null,"Nasi Kota Gotong Royong","kotak",50,{"v":25000,"d":"25,000"},{"v":1250000,"d":"1,250,000.00"},"020/04.02.054/PPTK/2019","Kasubag Perencanaan (umum dan keuangan)"]
[]
[101,"2019-03-29","Pakaian Endek","stel",2,{"v":1980000,"d":"1,980,000"},{"v":3960000,"d":"3,960,000.00"},"027/03.25.06/PPBJ/2019"]
[{"$nulls":7},"020/05.02.054/PPTK/2019","Kasubag Perencanaan (umum dan keuangan)"]
[]
[102,"2019-03-29","Panel Bunga HUT Kota Singaraja","Buah",1,{"v":550000,"d":"550,000"},{"v":550000,"d":"550,000.00"},"027/03.27.04/PPBJ/2019"]
[{"$nulls":7},"020/08.01.011/PPTK/2019","Kasubag Perencanaan (umum dan keuangan)"]
[]
[103,"2019-03-31","Banten Sehari-hari","Kali",1,{"v":770000,"d":"770,000"},{"v":770000,"d":"770,000.00"},"027/02.28.04/PPBJ/2019"]
[{"$nulls":7},"020/22.02.012/PPTK/2019","Kasubag Perencanaan (umum dan keuangan)"]
[]
[104,"2019-03-31","Bali Post","Eksemplar",1,{"v":95000,"d":"95,000"},{"v":95000,"d":"95,000.00"},"027/02.28.06/PPBJ/2019"]
[null,null,"Jawa post","Eksemplar",1,{"v":140000,"d":"140,000"},{"v":140000,"d":"140,000.00"},"020/03.01.015/PPTK/2019","Kasubag Perencanaan (umum dan keuangan)"]
[null,null,"Nusa Bali","Eksemplar",2,{"v":95000,"d":"95,000"},{"v":190000,"d":"190,000.00"}]
[null,null,"Bali tribun","Eksemplar",1,{"v":75000,"d":"75,000"},{"v":75000,"d":"75,000.00"}]
[]
[105,"2019-03-31","Banten Sehari-hari","Kali",1,{"v":517440,"d":"517,440"},{"v":517440,"d":"517,440.00"},"027/02.28.05/PPBJ/2019"]
[{"$nulls":7},"020/23.02.012/PPTK/2019","Kasubag Perencanaan (umum dan keuangan)"]
[]
[106,"2019-04-01","Snack Kotak Rapat","kotak",40,{"v":16000,"d":"16,000"},{"v":640000,"d":"640,000.00"},"027/04.01.04/PPBJ/2019"]
[null,null,"Nasi Kotak Rapat","kotak",40,{"v":40000,"d":"40,000"},{"v":1600000,"d":"1,600,000.00"},"020/32.2.1/16.004/PPTK/2019","Kasi Permukiman"]
[]
[107,"2019-04-02","Lembar Disposisi","Buku",10,{"v":44000,"d":"44,000"},{"v":440000,"d":"440,000.00"},"027/03.18.03/PPBJ/2019"]
[{"$nulls":7},"020/03.01.011/PPTK/2019","Kasubag Perencanaan (umum dan keuangan)"]
[]
[108,"2019-04-04","Banten Tilem","Kali",1,{"v":2493700,"d":"2,493,700"},{"v":2493700,"d":"2,493,700.00"},"027/04.01.02/PPBJ/2019"]
[{"$nulls":7},"020/26.02.012/PPTK/2019","Kasubag Perencanaan (umum dan keuangan)"]
[]
[109,"2019-04-04","Kebaya Bahan Sifon","Stel",6,{"v":596200,"d":"596,200"},{"v":3577200,"d":"3,577,200.00"},"027/03.11.03/PPBJ/2019\n"]
[null,null,"Saput Udy dan Kemeja","Stel",32,{"v":594000,"d":"594,000"},{"v":19008000,"d":"19,008,000.00"},"020/01.03.005/PPTK/2019\n","Kasubag Perencanaan (umum dan keuangan)"]
[]
[110,"2019-04-05","Foto Copy","lembar",4000,198,{"v":792000,"d":"792,000.00"},"027/04.02.02/PPBJ/2019"]
[{"$nulls":7},"020/10.01.011/PPTK/2019","Kasubag Perencanaan (umum dan keuangan)"]
[]
[111,"2019-04-08","Jilid Laporan Bulanan","buku",4,{"v":59400,"d":"59,400"},{"v":237600,"d":"237,600.00"},"027/04.02.01/PPBJ/2019"]
[{"$nulls":7},"020/06.01.007/PPTK/2019","Kasubag Perencanaan (umum dan keuangan)"]
[]
[112,"2019-04-08","Cetak Blanko SPM Konsep","rim",2,{"v":47850,"d":"47,850"},{"v":95700,"d":"95,700.00"},"027/04.02.01/PPBJ/2019"]
[{"$nulls":7},"020/06.01.007/PPTK/2019","Kasubag Perencanaan (umum dan keuangan)"]
[]
[113,"2019-04-08","Foto Copy","lembar",870,198,{"v":172260,"d":"172,260.00"},"027/04.05.02/PPBJ/2019"]
[{"$nulls":7},"020/013/PPTK/2019","Kasi Penataan RTH"]
[]
[114,"2019-04-09","Spanduk Pemilu","Buah",1,{"v":149600,"d":"149,600"},{"v":149600,"d":"149,600.00"},"027/04.08.01/PPBJ/2019"]
[{"$nulls":7},"020/07.01.011/PPTK/2019","Kasubag Perencanaan (umum dan keuangan)"]
[]
[115,"2019-04-09","Snack Kotak Rapat","kotak",23,{"v":16000,"d":"16,000"},{"v":368000,"d":"368,000.00"},"027/04.09.03/PPBJ/2019"]
[null,null,"Nasi Kotak Rapat","kotak",23,{"v":40000,"d":"40,000"},{"v":920000,"d":"920,000.00"},"020/08.06.001/PPTK/2019","Kasubag Perencanaan "]
[]
[116,"2019-04-09","Foto Copy","lembar",4388,198,{"v":868824,"d":"868,824.00"},"027/04.09.01/PPBJ/2019\n"]
[{"$nulls":7},"020/05.01.007/PPTK/2019\n","Kasubag Perencanaan (umum dan keuangan)"]
[]
[117,"2019-04-09","Foto Copy","lembar",1282,198,{"v":253836,"d":"253,836.00"},"027/04.08.04/PPBJ/2019"]
[{"$nulls":7},"020/26/22.002/PPTK/2019","Kasi Pemeliharaan RTH"]
[]
[118,"2019-04-11","Nasi Kota Gotong Royong","kotak",80,{"v":25000,"d":"25,000"},{"v":2000000,"d":"2,000,000.00"},"027/04.11.04/PPBJ/2019"]
[{"$nulls":7},"020/32/22.002/PPTK/2019","Kasi Pemeliharaan RTH"]
[]
[119,"2019-04-12","Snack Kotak Rapat","kotak",45,{"v":16000,"d":"16,000"},{"v":720000,"d":"720,000.00"},"027/04.12.02/PPBJ/2019"]
[null,null,"Nasi Kotak Rapat","kotak",45,{"v":40000,"d":"40,000"},{"v":1800000,"d":"1,800,000.00"},"020/28.2.12/15.013/PPTK/2019","Kasi Perumahan"]
[]
[120,"2019-04-15","Cetak Blanko Permintaan BBM","Buku",180,{"v":12100,"d":"12,100"},{"v":2178000,"d":"2,178,000.00"},"027/04.01.03/PPBJ/2019"]
[{"$nulls":7},"020/05.01.011/PPTK/2019","Kasubag Perencanaan (umum dan keuangan)"]
[]
[121,"2019-04-15","Foto Copy","lembar",678,198,{"v":134244,"d":"134,244.00"},"027/04.11.02/PPBJ/2019"]
[{"$nulls":7},"020/02.01.022/PPTK/2019","Kasubag Perencanaan (umum dan keuangan)"]
[]
[122,"2019-04-15","Foto Copy","lembar",952,198,{"v":188496,"d":"188,496.00"},"027/04.15.05/PPBJ/2019"]
[{"$nulls":7},"020/005/PPTK/2019","Kasi Penataan dan Penyelesaian Sengketa Pertanahan"]
[]
[123,"2019-04-16","Map Dinas","lembar",136,{"v":9900,"d":"9,900"},{"v":1346400,"d":"1,346,400.00"},"027/04.09.02/PPBJ/2019"]
[{"$nulls":7},"020/04.01.011/PPTK/2019","Kasubag Perencanaan (umum dan keuangan)"]
[]
[124,"2019-04-18","Bahan Kelengkapan Upacara Piodalan Taman Kota","Kali",1,{"v":2309450,"d":"2,309,450"},{"v":2309450,"d":"2,309,450.00"},"027/04.15.03/PPBJ/2019"]
[{"$nulls":7},"020/30.02.012/PPTK/2019","Kasubag Perencanaan (umum dan keuangan)"]
[]
[125,"2019-04-19","Banten Piodalan Taman Kota","Kali",1,{"v":11935000,"d":"11,935,000"},{"v":11935000,"d":"11,935,000.00"},"027/04.12.01/PPBJ/2019"]
[{"$nulls":7},"020/27.02.012/PPTK/2019","Kasubag Perencanaan (umum dan keuangan)"]
[]
[126,"2019-04-19","Banten Purnama","Kali",1,{"v":2157650,"d":"2,157,650"},{"v":2157650,"d":"2,157,650.00"},"027/04.17.01/PPBJ/2019"]
[{"$nulls":7},"020/28.02.012/PPTK/2019","Kasubag Perencanaan (umum dan keuangan)"]
[]
[127,"2019-04-19","Banten Penganyar","Kali",1,{"v":346500,"d":"346,500"},{"v":346500,"d":"346,500.00"},"027/04.16.01/PPBJ/2019"]
[{"$nulls":7},"020/29.02.012/PPTK/2019","Kasubag Perencanaan (umum dan keuangan)"]
[]
[128,"2019-04-22","Materai 6000","Lembar",45,{"v":6000,"d":"6,000"},{"v":270000,"d":"270,000.00"},"027/04.72.02/PPBJ/2019"]
[null,null,"Materai 3000","Lembar",10,{"v":3000,"d":"3,000"},{"v":30000,"d":"30,000.00"},"020/008.2/22.003/PPTK/2019","Kasi Pemeliharaan Sarana dan Prasarana RTH"]
[]
[129,"2019-04-22","Konsentrat Chirpy","Bungkus",10,{"v":9900,"d":"9,900"},{"v":99000,"d":"99,000.00"},"027/04.18.01/PPBJ/2019"]
[null,null,"Pepaya","Kg",5,{"v":4400,"d":"4,400"},{"v":22000,"d":"22,000.00"},"020/51/22.02/PPTK/2019","Kasi Pemeliharaan RTH"]
[null,null,"PISANG","Buah",200,{"v":1100,"d":"1,100"},{"v":220000,"d":"220,000.00"}]
[null,null,"Jangkrik","Kg",1,{"v":55000,"d":"55,000"},{"v":55000,"d":"55,000.00"}]
[]
[130,"2019-04-24","Spanduk Hari Otonomi Daerah","pcs",1,{"v":149600,"d":"149,600"},{"v":149600,"d":"149,600.00"},"027/04.23.02/PPBJ/2019"]
[{"$nulls":7},"020/11.01.011/PPTK/2019","Kasubag Perencanaan (umum dan keuangan)"]
[]
[131,"2019-04-25","Banten Penganyar","Kali",1,{"v":346500,"d":"346,500"},{"v":346500,"d":"346,500.00"},"027/04.24.05/PPBJ/2019"]
[{"$nulls":7},"020/31.02.012/PPTK/2019","Kasubag Perencanaan (umum dan keuangan)"]
[]
[132,"2019-04-26","Spanduk Hari kesiapsiagan Bencana Nasional","pcs",1,{"v":149600,"d":"149,600"},{"v":149600,"d":"149,600.00"},"027/04.25.03/PPBJ/2019"]
[{"$nulls":7},"020/12.01.011/PPTK/2019","Kasubag Perencanaan (umum dan keuangan)"]
[]
[134,"2019-04-30","Bali Post","Eksemplar",1,{"v":95000,"d":"95,000"},{"v":95000,"d":"95,000.00"},"027/03.29.04/PPBJ/2019"]
[null,null,"Jawa post","Eksemplar",1,{"v":140000,"d":"140,000"},{"v":140000,"d":"140,000.00"},"020/04.01.015/PPTK/2019","Kasubag Perencanaan (umum dan keuangan)"]
[null,null,"Nusa Bali","Eksemplar",2,{"v":95000,"d":"95,000"},{"v":190000,"d":"190,000.00"}]
[null,null,"Bali tribun","Eksemplar",1,{"v":75000,"d":"75,000"},{"v":75000,"d":"75,000.00"}]
[]
[135,"2019-04-30","Aqua Botol Besar","Dus",3,{"v":72600,"d":"72,600"},{"v":217800,"d":"217,800.00"},"027/04.23.01/PPBJ/2019"]
[null,null,"Air Mineral Kemasan Gelas","Dus",3,{"v":29700,"d":"29,700"},{"v":89100,"d":"89,100.00"},"020/09.01.017/PPTK/2019","Kasubag Perencanaan (umum dan keuangan)"]
[null,null,"Gula Pasir","Kg",2,{"v":16500,"d":"16,500"},{"v":33000,"d":"33,000.00"}]
[null,null,"Kopi Bubuk","Kg",2,{"v":69850,"d":"69,850"},{"v":139700,"d":"139,700.00"}]
[null,null,"Teh Celup sosro","Kotak",4,{"v":17050,"d":"17,050"},{"v":68200,"d":"68,200.00"}]
[null,null,"Permen Kopiko","Bungkus",3,{"v":9900,"d":"9,900"},{"v":29700,"d":"29,700.00"}]
[null,null,"Aqua Galon ","Galon",5,{"v":24200,"d":"24,200"},{"v":121000,"d":"121,000.00"}]
[null,null,"Buah Melon","Buah",1,{"v":30800,"d":"30,800"},{"v":30800,"d":"30,800.00"}]
[null,null,"Air Mineral Kemasan Tanggung","Dus",3,{"v":89760,"d":"89,760"},{"v":269280,"d":"269,280.00"}]
[]
[136,"2019-04-30","Banten Sehari-hari","Kali",1,{"v":770000,"d":"770,000"},{"v":770000,"d":"770,000.00"},"027/03.29.05/PPBJ/2019"]
[{"$nulls":7},"020/32.02.012/PPTK/2019","Kasubag Perencanaan (umum dan keuangan)"]
[]
[137,"2019-04-30","Banten Sehari-hari","Kali",1,{"v":517440,"d":"517,440"},{"v":517440,"d":"517,440.00"},"027/03.29.06/PPBJ/2019"]
[{"$nulls":7},"020/33.02.012/PPTK/2019","Kasubag Perencanaan (umum dan keuangan)"]
[]
[138,"2019-05-03","Panel Bunga Turut Berduka Cita","Buah",1,{"v":550000,"d":"550,000"},{"v":550000,"d":"550,000.00"},"027/05.02.03/PPBJ/2019"]
[{"$nulls":7},"020/13.01.011/PPTK/2019","Kasubag Perencanaan (umum dan keuangan)"]
[]
[139,"2019-05-03","Snack Kotak Rapat","kotak",28,{"v":16000,"d":"16,000"},{"v":448000,"d":"448,000.00"},"027/05.03.04/PPBJ/2019"]
[null,null,"Nasi Kotak Rapat","kotak",28,{"v":40000,"d":"40,000"},{"v":1120000,"d":"1,120,000.00"},"020/49/22.002/PPTK/2019","Kasi Pemeliharaan RTH"]
[]
[140,"2019-05-03","Materai 6000","Lembar",50,{"v":6000,"d":"6,000"},{"v":300000,"d":"300,000.00"},"027/05.03.01/PPBJ/2019"]
[null,null,"Materai 3000","Lembar",40,{"v":3000,"d":"3,000"},{"v":120000,"d":"120,000.00"},"020/01.01.022/PPTK/2019","Kasubag Perencanaan (umum dan keuangan)"]
[]
[141,"2019-05-04","Banten Tilem","Kali",1,{"v":2493700,"d":"2,493,700"},{"v":2493700,"d":"2,493,700.00"},"027/05.02.02/PPBJ/2019"]
[{"$nulls":7},"020/34.02.012/PPTK/2019","Kasubag Perencanaan (umum dan keuangan)"]
[]
[142,"2019-05-07","Snack Kotak Rapat","kotak",20,{"v":16000,"d":"16,000"},{"v":320000,"d":"320,000.00"},"027/05.06.01/PPBJ/2019"]
[null,null,"Nasi Kotak Rapat","kotak",20,{"v":40000,"d":"40,000"},{"v":800000,"d":"800,000.00"},"020/005/PPTK/2019","Kasi Fasilitasi Pengadaan Tanah"]
[]
[143,"2019-05-07","HCL","Pail",5,{"v":143550,"d":"143,550"},{"v":717750,"d":"717,750.00"},"027/05.03.02/PPBJ/2019"]
[null,null,"Chlorine","Kg",140,{"v":62700,"d":"62,700"},{"v":8778000,"d":"8,778,000.00"},"020/38/22.002/PPTK/2019","Kasi Pemeliharaan RTH"]
[]
[144,"2019-05-10","Snack Kotak Rapat","kotak",26,{"v":16000,"d":"16,000"},{"v":416000,"d":"416,000.00"},"027/05.10.05/PPBJ/2019"]
[null,null,"Nasi Kotak Rapat","kotak",26,{"v":40000,"d":"40,000"},{"v":1040000,"d":"1,040,000.00"},"020/11.06.001/PPTK/2019","Kasubag Perencanaan "]
[]
[145,"2019-05-10","Lampu Esensial","buah",25,{"v":59400,"d":"59,400"},{"v":1485000,"d":"1,485,000.00"},"027/05.08.05/PPBJ/2019"]
[null,null,"Lampu led","buah",18,{"v":99000,"d":"99,000"},{"v":1782000,"d":"1,782,000.00"},"020/01.02.022/PPTK/2019","Kasubag Perencanaan (umum dan keuangan)"]
[null,null,"Kabel Listrik Warna Putih","Meter",25,{"v":7700,"d":"7,700"},{"v":192500,"d":"192,500.00"}]
[null,null,"Kabel Listrik Warna Hitam","Meter",25,{"v":7700,"d":"7,700"},{"v":192500,"d":"192,500.00"}]
[null,null,"Piting Cream Tempel","buah",10,{"v":13200,"d":"13,200"},{"v":132000,"d":"132,000.00"}]
[null,null,"Stop Kontak Arde 1","buah",3,{"v":42900,"d":"42,900"},{"v":128700,"d":"128,700.00"}]
[null,null,"Stop Kontak Arde 2","buah",2,{"v":25300,"d":"25,300"},{"v":50600,"d":"50,600.00"}]
[null,null,"Saklar ","buah",3,{"v":20900,"d":"20,900"},{"v":62700,"d":"62,700.00"}]
[null,null,"Stop Kontak ","buah",3,{"v":20900,"d":"20,900"},{"v":62700,"d":"62,700.00"}]
[null,null,"Cuk Listrik","buah",10,{"v":13750,"d":"13,750"},{"v":137500,"d":"137,500.00"}]
[null,null,"Lampu Lalin","Buah",1,{"v":315700,"d":"315,700"},{"v":315700,"d":"315,700.00"}]
[]
[146,"2019-05-14","Buku Cek (isi 10 bermaterai rp 3000)","Buku ",10,{"v":43000,"d":"43,000"},{"v":430000,"d":"430,000.00"},"027/05.14.01/PPBJ/2019"]
[{"$nulls":7},"020/08.01.007/PPTK/2019","Kasubag Perencanaan (umum dan keuangan)"]
[]
[147,"2019-05-17","Buku Cetak Laporan PKK,DAK,Profil disperkimta,LPPD","buku",1,{"v":4974750,"d":"4,974,750"},{"v":4974750,"d":"4,974,750.00"},"027/05.10.01/PPBJ/2019"]
[null,null,"Cetak DPA","Buku",25,{"v":49500,"d":"49,500"},{"v":1237500,"d":"1,237,500.00"},"020/09.06.001/PPTK/2019","Kasubag Perencanaan "]
[null,null,"Cetak Renja","Buku",15,{"v":59400,"d":"59,400"},{"v":891000,"d":"891,000.00"}]
[]
[148,"2019-05-18","Banten Purnama","Kali",1,{"v":2493700,"d":"2,493,700"},{"v":2493700,"d":"2,493,700.00"},"027/05.16.01/PPBJ/2019"]
[{"$nulls":7},"020/35.02.012/PPTK/2019","Kasubag Perencanaan (umum dan keuangan)"]
[]
[149,"2019-05-20","Foto Copy","lembar",801,198,{"v":158598,"d":"158,598.00"},"027/20.03/PPBJ/2019"]
[{"$nulls":7},"020/006/PPTK/2019","Kasi Fasilitasi Pengadaan Tanah"]
[]
[150,"2019-05-20","Spanduk/baliho","kali",30,{"v":489500,"d":"489,500"},{"v":14685000,"d":"14,685,000.00"},"027/05.10.06/PPBJ/2019"]
[{"$nulls":7},"020/015.2/22.003/PPTK/2019","Kasi Pemeliharaan Sarana dan Prasarana RTH"]
[]
[151,"2019-05-21","Foto Copy","lembar",976,198,{"v":193248,"d":"193,248.00"},"027/05.21.03/PPBJ/2019"]
[{"$nulls":7},"020/007/PPTK/2019","Kasi Fasilitasi Pengadaan Tanah"]
[]
[152,"2019-05-24","Sapu Bulu Ayam Biasa","Buah",10,{"v":28875,"d":"28,875"},{"v":288750,"d":"288,750.00"},"027/05.22.01/PPBJ/2019"]
[null,null,"Pembersih Lantai ","Buah",33,{"v":27500,"d":"27,500"},{"v":907500,"d":"907,500.00"},"020/02.01.008/PPTK/2019","Kasubag Perencanaan (umum dan keuangan)"]
[null,null,"Pembersih Kaca Cling","Botol",12,{"v":31570,"d":"31,570"},{"v":378840,"d":"378,840.00"}]
[null,null,"Sapu Ijuk Plastik Kipas","buah",15,{"v":57200,"d":"57,200"},{"v":858000,"d":"858,000.00"}]
[null,null,"Pembersih Keramik","Botol",15,{"v":31350,"d":"31,350"},{"v":470250,"d":"470,250.00"}]
[null,null,"Ember 5 Galon","buah",5,{"v":14300,"d":"14,300"},{"v":71500,"d":"71,500.00"}]
[null,null,"Sumbu Tangkai Pel","Buah",3,{"v":64900,"d":"64,900"},{"v":194700,"d":"194,700.00"}]
[null,null,"Pengharum Ruangan ","Botol",22,{"v":37950,"d":"37,950"},{"v":834900,"d":"834,900.00"}]
[null,null,"Tissue kotak tebal","kotak",22,{"v":29590,"d":"29,590"},{"v":650980,"d":"650,980.00"}]
[null,null,"Tissue Gulung","gulung",25,{"v":13860,"d":"13,860"},{"v":346500,"d":"346,500.00"}]
[null,null,"Sikat WC Plastik Tangkai","buah",5,{"v":17600,"d":"17,600"},{"v":88000,"d":"88,000.00"}]
[null,null,"Kapur Barus Warna Bagus","bungkus",7,{"v":21890,"d":"21,890"},{"v":153230,"d":"153,230.00"}]
[null,null,"Pewangi","Kaleng",7,{"v":28875,"d":"28,875"},{"v":202125,"d":"202,125.00"}]
[null,null,"Keset karpet warna anti slip","Buah",7,{"v":48675,"d":"48,675"},{"v":340725,"d":"340,725.00"}]
[null,null,"Keset Serabut","buah",7,{"v":28875,"d":"28,875"},{"v":202125,"d":"202,125.00"}]
[null,null,"Serok Sampah","buah",7,{"v":20900,"d":"20,900"},{"v":146300,"d":"146,300.00"}]
[null,null,"Lap Kuning Besar","buah",7,{"v":16390,"d":"16,390"},{"v":114730,"d":"114,730.00"}]
[null,null,"Lap Kuning kecil","Buah",7,{"v":8470,"d":"8,470"},{"v":59290,"d":"59,290.00"}]
[]
[153,"2019-05-24","Konsentrat Chirpy","Bungkus",21,{"v":9900,"d":"9,900"},{"v":207900,"d":"207,900.00"},"027/05.23.01/PPBJ/2019"]
[null,null,"Pepaya","Kg",13,{"v":4400,"d":"4,400"},{"v":57200,"d":"57,200.00"},"020/55/22.02/PPTK/2019","Kasi Pemeliharaan RTH"]
[null,null,"PISANG","Buah",250,{"v":1100,"d":"1,100"},{"v":275000,"d":"275,000.00"}]
[null,null,"Jangkrik","Kg",3,{"v":55000,"d":"55,000"},{"v":165000,"d":"165,000.00"}]
[]
[154,"2019-05-24","Bahan Kelengkapan Upacara Tumpek Landep Lan Piodalan Kantor Disperkimta","Kali",1,{"v":3578850,"d":"3,578,850"},{"v":3578850,"d":"3,578,850.00"},"027/05.22.03/PPBJ/2019"]
[{"$nulls":7},"020/37.02.012/PPTK/2019","Kasubag Perencanaan (umum dan keuangan)"]
[]
[155,"2019-05-25","Banten Tumpek Landep Lan Piodalan Kantor Disperkimta ","Kali",1,{"v":24926550,"d":"24,926,550"},{"v":24926550,"d":"24,926,550.00"},"027/05.20.02/PPBJ/2019"]
[{"$nulls":7},"020/36.02.012/PPTK/2019","Kasubag Perencanaan (umum dan keuangan)"]
[]
[156,"2019-05-28","Foto Copy","lembar",2250,198,{"v":445500,"d":"445,500.00"},"027/05.27.11/PPBJ/2019"]
[{"$nulls":7},"020/14.07.001/PPTK/2019","Kasubag Perencanaan "]
[]
[157,"2019-05-28","Foto Copy","lembar",1050,198,{"v":207900,"d":"207,900.00"},"027/05.27.10/PPBJ/2019"]
[{"$nulls":7},"020/10.06.001/PPTK/2019","Kasubag Perencanaan "]
[]
[158,"2019-05-29","Snack Kotak Rapat","kotak",20,{"v":16000,"d":"16,000"},{"v":320000,"d":"320,000.00"},"027/05.29.01/PPBJ/2019"]
[null,null,"Nasi Kotak Rapat","kotak",20,{"v":40000,"d":"40,000"},{"v":800000,"d":"800,000.00"},"02012.06.001/PPTK/2019","Kasubag Perencanaan "]
[]
[159,"2019-05-29","Aqua Botol Besar","Dus",3,{"v":72600,"d":"72,600"},{"v":217800,"d":"217,800.00"},"027/05.27.09/PPBJ/2019\n\n"]
[null,null,"Air Mineral Kemasan Gelas","Dus",3,{"v":29700,"d":"29,700"},{"v":89100,"d":"89,100.00"},"020/09.01.017/PPTK/2019\n\n","Kasubag Perencanaan (umum dan keuangan)"]
[null,null,"Gula Pasir","Kg",2,{"v":16500,"d":"16,500"},{"v":33000,"d":"33,000.00"}]
[null,null,"Kopi Bubuk","Kg",2,{"v":69850,"d":"69,850"},{"v":139700,"d":"139,700.00"}]
[null,null,"Teh Celup sosro","Kotak",4,{"v":17050,"d":"17,050"},{"v":68200,"d":"68,200.00"}]
[null,null,"Permen Kopiko","Bungkus",3,{"v":9900,"d":"9,900"},{"v":29700,"d":"29,700.00"}]
[null,null,"Aqua Galon ","Galon",5,{"v":24200,"d":"24,200"},{"v":121000,"d":"121,000.00"}]
[null,null,"Buah Melon","Buah",1,{"v":30800,"d":"30,800"},{"v":30800,"d":"30,800.00"}]
[null,null,"Air Mineral Kemasan Tanggung","Dus",3,{"v":89760,"d":"89,760"},{"v":269280,"d":"269,280.00"}]
[]
[160,"2019-05-31","Banten Sehari-hari","Kali",1,{"v":797500,"d":"797,500"},{"v":797500,"d":"797,500.00"},"027/04.30.03/PPBJ/2019"]
[{"$nulls":7},"020/38.02.012/PPTK/2019","Kasubag Perencanaan (umum dan keuangan)"]
[]
[161,"2019-05-31","Banten Sehari-hari","Kali",1,{"v":535920,"d":"535,920"},{"v":535920,"d":"535,920.00"},"027/04.30.04/PPBJ/2019"]
[{"$nulls":7},"020/39.02.012/PPTK/2019","Kasubag Perencanaan (umum dan keuangan)"]
[]
[162,"2019-05-31","Bali Post","Eksemplar",1,{"v":95000,"d":"95,000"},{"v":95000,"d":"95,000.00"},"027/05.31.01/PPBJ/2019"]
[null,null,"Jawa post","Eksemplar",1,{"v":140000,"d":"140,000"},{"v":140000,"d":"140,000.00"},"020/005.01.015/PPTK/2019","Kasubag Perencanaan (umum dan keuangan)"]
[null,null,"Nusa Bali","Eksemplar",2,{"v":95000,"d":"95,000"},{"v":190000,"d":"190,000.00"}]
[null,null,"Bali tribun","Eksemplar",1,{"v":75000,"d":"75,000"},{"v":75000,"d":"75,000.00"}]
[]
[163,"2019-05-31","Pupuk kandang","kilogram",18000,{"v":1595,"d":"1,595"},{"v":28710000,"d":"28,710,000.00"},"600/932/V/BAPPP/2019\n\n\n\n"]
[null,null,"Pupuk Non Organik","kilogram",2100,{"v":5940,"d":"5,940"},{"v":12474000,"d":"12,474,000.00"},"020/011.2/22.003/PPTK/2019\n\n\n\n","Kasi Pemeliharaan Sarana dan Prasarana RTH"]
[null,null,"Media tumbuh Top Soil","Meter Kubik",100,{"v":198770,"d":"198,770"},{"v":19877000,"d":"19,877,000.00"}]
[null,null,"Pestisida","Liter",15,{"v":345730,"d":"345,730"},{"v":5185950,"d":"5,185,950.00"}]
[null,null,"Pestisida","Liter",15,{"v":279730,"d":"279,730"},{"v":4195950,"d":"4,195,950.00"}]
[null,null,"Pestisida","Liter",15,{"v":290840,"d":"290,840"},{"v":4362600,"d":"4,362,600.00"}]
[null,null,"Polybag","Buah",5000,99,{"v":495000,"d":"495,000.00"}]
[null,null,"Paranet","Meter",100,{"v":30030,"d":"30,030"},{"v":3003000,"d":"3,003,000.00"}]
[]
[164,"2019-06-02","Banten Tilem","Kali",1,{"v":2493700,"d":"2,493,700"},{"v":2493700,"d":"2,493,700.00"},"027/05.31.04/PPBJ/2019"]
[{"$nulls":7},"020/40.02.012/PPTK/2019","Kasubag Perencanaan (umum dan keuangan)"]
[]
[165,"2019-06-10","Snack Kotak Rapat","kotak",25,{"v":16000,"d":"16,000"},{"v":400000,"d":"400,000.00"},"027/06.10.02/PPBJ/2019"]
[null,null,"Nasi Kotak Rapat","kotak",25,{"v":40000,"d":"40,000"},{"v":1000000,"d":"1,000,000.00"},"020/13.06.001/PPTK/2019","Kasubag Perencanaan "]
[]
[166,"2019-06-10","Anggrek Bandung","Polybag",500,{"v":2200,"d":"2,200"},{"v":1100000,"d":"1,100,000.00"},"600/959/RTH/DISPERKIMTA/2019"]
[null,null,"Analis","Polybag",1000,{"v":2200,"d":"2,200"},{"v":2200000,"d":"2,200,000.00"},"020/59/22.002/PPTK/2019","Kasi Pemeliharaan RTH"]
[null,null,"Bugenvil Varigata","Polybag",100,{"v":27500,"d":"27,500"},{"v":2750000,"d":"2,750,000.00"}]
[null,null,"Bromelia merah","Polybag",100,{"v":60500,"d":"60,500"},{"v":6050000,"d":"6,050,000.00"}]
[null,null,"Kucai mini","Polybag",2000,{"v":2200,"d":"2,200"},{"v":4400000,"d":"4,400,000.00"}]
[null,null,"Lili Kucai Panjang","Polybag",1000,{"v":2200,"d":"2,200"},{"v":2200000,"d":"2,200,000.00"}]
[null,null,"Nanas ","Polybag",100,{"v":64900,"d":"64,900"},{"v":6490000,"d":"6,490,000.00"}]
[null,null,"Paku Gunung","Polybag",700,{"v":3850,"d":"3,850"},{"v":2695000,"d":"2,695,000.00"}]
[null,null,"Pangkas Kuning ","Polybag",1000,{"v":2200,"d":"2,200"},{"v":2200000,"d":"2,200,000.00"}]
[null,null,"Puring bangkok","Polybag",700,{"v":5500,"d":"5,500"},{"v":3850000,"d":"3,850,000.00"}]
[null,null,"Puring nuri","Polybag",700,{"v":5500,"d":"5,500"},{"v":3850000,"d":"3,850,000.00"}]
[null,null,"Robusa","Polybag",1000,{"v":6600,"d":"6,600"},{"v":6600000,"d":"6,600,000.00"}]
[null,null,"Simbar Menjangan","Polybag",50,{"v":33000,"d":"33,000"},{"v":1650000,"d":"1,650,000.00"}]
[null,null,"Soka","Polybag",1200,{"v":6600,"d":"6,600"},{"v":7920000,"d":"7,920,000.00"}]
[null,null,"Sirih Gading Varigata","Polybag",200,{"v":17270,"d":"17,270"},{"v":3454000,"d":"3,454,000.00"}]
[null,null,"Rumput jepang","meter",150,{"v":44000,"d":"44,000"},{"v":6600000,"d":"6,600,000.00"}]
[]
[167,"2019-06-13","Foto Copy","lembar",877,198,{"v":173646,"d":"173,646.00"},"027/06.13.02/PPBJ/2019"]
[{"$nulls":7},"020/006/PPTK/2019","Kasi Penataan dan Penyelesaian Sengketa Pertanahan"]
[]
[168,"2019-06-13","Agenda Surat Masuk","Buku",5,{"v":33000,"d":"33,000"},{"v":165000,"d":"165,000.00"},"027/06.10.01/PPBJ/2019"]
[null,null,"Agenda Surat Keluar","Buku",5,{"v":33000,"d":"33,000"},{"v":165000,"d":"165,000.00"},"027/14.01.011/PPTK/2019","Kasubag Perencanaan (umum dan keuangan)"]
[]
[169,"2019-06-13","Foto Copy","lembar",11179,198,{"v":2213442,"d":"2,213,442.00"},"027/10.01.007/PPBJ/2019"]
[{"$nulls":7},"020/10.01.007/PPTK/2019","Kasubag Perencanaan (umum dan keuangan)"]
[]
[170,"2019-06-13","Materai 6000","Lembar",35,{"v":6000,"d":"6,000"},{"v":210000,"d":"210,000.00"},"027/06.13.01/PPBJ/2019"]
[null,null,"Materai 3000","Lembar",30,{"v":3000,"d":"3,000"},{"v":90000,"d":"90,000.00"},"020/003/PPTK/2019","Kasi Survey, Pengukuran dan Pemetaan"]
[]
[171,"2019-06-17","Cetak Laporan Keuangan","Buku",4,{"v":49500,"d":"49,500"},{"v":198000,"d":"198,000.00"},"027/06.14.01/PPBJ/2019"]
[{"$nulls":7},"020/09.01.007/PPTK/2019","Kasubag Perencanaan (umum dan keuangan)"]
[]
[172,"2019-06-17","Banten Purnama","Kali",1,{"v":2493700,"d":"2,493,700"},{"v":2493700,"d":"2,493,700.00"},"027/06.14.02/PPBJ/2019"]
[{"$nulls":7},"020/41.02.012/PPTK/2019","Kasubag Perencanaan (umum dan keuangan)"]
[]
[173,"2019-06-28","Foto Copy","lembar",642,198,{"v":127116,"d":"127,116.00"},"027/06.12.01/PPBJ/2019"]
[{"$nulls":7},"020/002/PPTK/2019","Kasi Survey, Pengukuran dan Pemetaan"]
[]
[174,"2019-06-28","Materai 6000","Lembar",150,{"v":6000,"d":"6,000"},{"v":900000,"d":"900,000.00"},"020/06.28.01/PPBJ/2019\n\n\n\n"]
[null,null,"Materai 3000","Lembar",30,{"v":3000,"d":"3,000"},{"v":90000,"d":"90,000.00"},"020/53.2.26/18.004/PPTK/2019\n\n","Kasi Perumahan"]
[]
[175,"2019-06-29","Banten Tumpek Pengatag Taman Bung Karno","Kali",1,{"v":12496000,"d":"12,496,000"},{"v":12496000,"d":"12,496,000.00"},"027/06.24.05/PPBJ/2019\n\n"]
[{"$nulls":7},"020/42.02.012/PPTK/2019\n\n","Kasubag Perencanaan (umum dan keuangan)"]
[]
[]
["TOTAL",{"$nulls":5},{"$f":"SUM(G11:G764)","v":{"v":524687262,"d":"524,687,262.00"}}]
[]
[{"$nulls":7},"Singaraja, 28 Juni 2019"]
[]
["Kepala Dinas Perumahan Permukiman dan Pertanahan ",{"$nulls":6},"Pengurus Barang Pengguna"]
["Kabupaten Buleleng"]
[]
[]
[]
[]
["Ni Nyoman Surattini, ST.",{"$nulls":6},"Gede Merta Putra"]
["NIP. 19670102 199803 2 003",{"$nulls":6},"NIP. 19640113 199703 1 002"]

{"sheet":"Sheet2","index":1,"n_rows":2,"n_cols":9,"rows_kept":2}
[176,"2019-07-02","Materai 6000","Lembar",500,{"v":6000,"d":"6,000"},{"v":3000000,"d":"3,000,000.00"},"027/07.02.01/PPBJ/2019"]
[null,null,"Materai 3000","Lembar",100,{"v":3000,"d":"3,000"},{"v":300000,"d":"300,000.00"},"020/64.2.2/15.012/PPTK/2019","Kasi Perumahan"]

{"sheet":"Sheet3","index":2,"n_rows":0,"n_cols":0,"rows_kept":0}